000 01242 a2200253 4500
003 Nust
005 20170207154053.0
010 _a 2008053453
020 _a0470358041 (hbk. : alk. paper)
020 _a9780470358047 (hbk. : alk. paper)
035 _a(OCoLC)ocn232976037
040 _cNust
082 0 0 _a346.73064
100 1 _aHopkins, Bruce R.
245 1 0 _aNonprofit governance (E-BOOK)
_blaw, practices, and trends /
_cBruce R. Hopkins and Virginia C. Gross.
260 _aHoboken, N.J. :
_bJohn Wiley & Sons,
_cc2009.
300 _axxiii, 259 p. ;
_c26 cm.
500 _aPublished simultaneously in Canada.
505 0 _aFederal and state law fundamentals -- Board members : responsibilities and liability -- Nonprofit organizations' governance principles -- Governance and the redesigned form 990 -- Nonprofit governance issues -- Policies and procedures for good governance -- Nonprofits in the spotlight : governance case studies -- Law for nonprofit board members : a primer -- Governance legal audit.
650 0 _aCorporate governance
_xLaw and legislation
_zUnited States.
650 0 _aNonprofit organizations
_xLaw and legislation
_zUnited States.
651 _aNonprofit governance (E-BOOK)
700 1 _aGross, Virginia C.
942 _2ddc
_cBK
999 _c193227
_d193227